| LEADER 00000nam 2200000uu 4500 |
| 001 13399112502 |
| 003 BCNR |
| 008 110614s2553||||th 000 0 tha d |
| 020 9789746725118
|
| 041 0 tha
|
| 060 04 WB100^bอ585 2553
|
| 245 00 อาการวิทยาทางอายุรศาสตร์ /^cเมตตาภรณ์ พรพัฒน์กุล และ ขจรศักดิ์ นพคุณ, บรรณาธิการ
|
| 250 พิมพ์ครั้งที่ 1
|
| 260 เชียงใหม่ :^bภาควิชาอายุรศาสตร์ คณะแพทยศาสตร์ มหาวิทยาลัยเชียงใหม่,^c2553
|
| 300 0429 หน้า :^bภาพประกอบ ;^c30 ซม.
|
| 504 มีบรรณานุกรมท้ายบทและดัชนีท้ายเล่ม
|
| 650 7 การรักษาโรค
|
| 650 7 อายุรศาสตร์^vรวมเรื่อง
|
| 700 0 เมตตาภรณ์ พรพัฒน์กุล,^eบรรณาธิการ
|
| 700 0 ขจรศักดิ์ นพคุณ,^eบรรณาธิการ
|
| 710 2 มหาวิทยาลัยเชียงใหม่. ^bคณะแพทยศาสตร์.^bภาควิชาอายุรศาสตร์
|
| 999 ^aบรรณารักษ์
|